000 00543nam a22001457a 4500
003 0
005 20221028141618.0
008 221028b xxu||||| |||| 00| 0 eng d
050 _aHD5701
_b.C36 2019
245 _aImprovement plan of the information technology and communication (ITC) insfrastructure for blessed elena technological institute
_cMarie Abigail O. Caneo
260 _aLas Pinas City
_bSouthville International School and Colleges
_cC2019
300 _ax,93pp.
_c28cm.
_fTheses
500 _aInformation technology.
942 _2lcc
_cTH
999 _c364877
_d364877